Anime by Anime Characters - Statistics

General Stats
  • This quiz has been taken 245 times
  • The average score is 7 of 15
Answer Stats
Anime Character Anime % Correct
Mikasa Ackerman Attack on Titan
95%
Light Yagami Death Note
93%
Kaneki Ken Tokyo Ghoul
79%
Kakashi Hatake Naruto
76%
Vinsmoke Sanji One Piece
76%
Spike Spiegel Cowboy Bebop
49%
Kazuto Kirigaya Sword Art Online
49%
Winry Rockbell Fullmetal Alchemist
39%
Shinji Ikari Neon Genesis Evangelion
32%
Ash Lynx Banana Fish
22%
Ran Mouri Case Closed
16%
Mitsuha Miyamizu Your Name
16%
Jinta Yadomi Anohana
7%
Shotaro Kaneda Akira
4%
Benedict Blue Violet Evergarden
4%
No matching quizzes found
Score Distribution
Percent of People with Each Score
Percentile by Number Answered
Your Score History
You have not taken this quiz